|
|
|
|
| LEADER |
00000cam a2200000 4500 |
| 001 |
vtls011902245 |
| 003 |
SK-MaSNL |
| 005 |
20260301185547.0 |
| 008 |
220509s2019 xo grhni 011 1bslo |
| 015 |
|
|
|a SNBA2020/12
|
| 020 |
|
|
|a 9788088952992
|q (brožované)
|
| 035 |
|
|
|a urn:nbn:sk:snk-am00ghdi
|
| 035 |
|
|
|a urn:nbn:sk:snk-am3j5yy
|
| 035 |
|
|
|a 75B882B0-4848-4776-AFBD-53F4C5A4E2AC
|
| 040 |
|
|
|a SNK
|b slo
|c SNK
|e rda
|
| 041 |
1 |
|
|a slo
|h eng
|
| 044 |
|
|
|a xo
|c SK
|
| 072 |
|
7 |
|a 821.161.1
|x Ruská literatúra
|2 konspekt
|
| 072 |
|
7 |
|a 615.8
|x Fyzioterapia. Psychoterapia. Alternatívna medicína
|2 konspekt
|
| 080 |
|
|
|a 159.964.2
|2 2011
|
| 080 |
|
|
|a 159.964.2-051
|2 2011
|
| 080 |
|
|
|a 821.161.1
|2 2011
|
| 080 |
|
|
|a 929(092)
|2 2011
|
| 100 |
1 |
|
|a Breger, Louis
|4 aut
|9 425828
|
| 240 |
1 |
0 |
|a Dostoevsky: the autor as psychoanalyst
|l Slovensky
|
| 245 |
1 |
0 |
|a Dostojevskij
|b autor ako psychoanalytik
|c Louis Breger ; preklad Barbora Al Zafari
|
| 264 |
|
1 |
|a Bratislava
|b Vydavateľstvo F, Pro mente sana
|c 2019
|
| 300 |
|
|
|a 283 strán
|c 24 cm
|
| 336 |
|
|
|a text
|b txt
|2 rdacontent
|
| 337 |
|
|
|a bez média
|b n
|2 rdamedia
|
| 338 |
|
|
|a zväzok
|b nc
|2 rdacarrier
|
| 500 |
|
|
|a Preložené z angličtiny
|
| 500 |
|
|
|a Obsahuje biografické údaje o autorovi
|
| 504 |
|
|
|a Obsahuje bibliografiu na strane 269-277 ; bibliografické odkazy ; register
|
| 600 |
1 |
7 |
|a Dostojevskij, Fiodor Michajlovič,
|d 1821-1881
|2 SNKMA
|9 53880
|
| 650 |
0 |
7 |
|a psychoanalýza
|2 SNKPH
|9 14021
|
| 650 |
0 |
7 |
|a psychoanalytici
|2 SNKPH
|9 90147
|
| 650 |
0 |
7 |
|a Psychoanalysis
|2 SNKPHeng
|9 313545
|
| 650 |
0 |
7 |
|a Psychoanalysts
|2 SNKPHeng
|9 341576
|
| 650 |
0 |
7 |
|a ruská literatúra
|2 SNKPH
|9 1204
|
| 650 |
0 |
7 |
|a Russian literature
|2 SNKPHeng
|9 270202
|
| 655 |
|
7 |
|a biografie
|2 SNKPH
|9 27965
|
| 655 |
|
7 |
|a Biography
|2 SNKPHeng
|9 266314
|
| 700 |
1 |
|
|a Al Zafari, Barbora
|4 trl
|9 222623
|
| 710 |
2 |
|
|a Pro mente sana (Bratislava, Slovensko).
|b Vydavateľstvo F
|4 pbl
|9 563646
|
| 919 |
|
|
|a 978-80-88952-99-2
|
| 958 |
|
|
|a LX
|
| 958 |
|
|
|a BC
|
| 958 |
|
|
|a UP
|
| 968 |
|
|
|b ENG
|
| 999 |
|
|
|c 864439
|d 866369
|
| 952 |
|
|
|a SNK
|b SNK
|y PREZ
|7 0
|p 17A1415047
|o snkSC 187696
|i snk2020/2483
|8 0
|0 0
|1 0
|4 0
|d 2020-02-05
|f 1
|l 0
|r 2026-02-24 05:22:51
|w 2026-02-24
|
| 952 |
|
|
|a SNK
|b SNK
|y VYP
|7 0
|p 17A1415048
|o snkSC 187696 D1
|i snk2020/2485
|8 0
|0 0
|1 0
|4 0
|d 2020-02-05
|l 0
|r 2026-02-24 05:22:51
|w 2026-02-24
|